|
|
|
|
| LEADER |
00000nam a22000007a 4500 |
| 005 |
20120613160255.0 |
| 007 |
cr|||| |||| |
| 008 |
120613s2007 cl |||||s|||| 00||0 spa d |
| 020 |
|
|
|a 978-956-10-1807-5
|
| 035 |
|
|
|a 6168
|
| 040 |
|
|
|a vLex
|
| 090 |
|
|
|c 3170
|d 3170
|
| 100 |
1 |
|
|a Gm̤ez de la Torre Vargas, Mario
|
| 245 |
1 |
3 |
|a El sistema filiativo chileno
|h [Recurso electrn̤ico] /
|c Maricruz Gm̤ez de la Torre Vargas
|
| 256 |
|
|
|a Servicio en ln̕ea
|
| 260 |
|
|
|a Santiago de Chile :
|b Editorial jurd̕ica de Chile,
|c 2007
|
| 300 |
|
|
|a 1 recurso electrn̤ico
|
| 506 |
1 |
|
|a Contenido solo disponible en los productos indicados
|d vLex Global
|d vLex Global (Academic Edition, excluding Law Schools)
|d vLex Global (U.S. Academic Edition, Law Schools)
|d vLex Global (U.S. Academic Edition, excluding Law Schools)
|d vLex Global (Academic Edition, Law Schools)
|
| 650 |
0 |
4 |
|a Paternidad (derecho)
|z Chile
|
| 740 |
0 |
|
|a vLex Libros (Servicio en ln̕ea)
|
| 856 |
4 |
0 |
|u http://vlex.com/source/6168
|z Acceso restringido
|
| 942 |
|
|
|c BOOK
|
| 999 |
0 |
|
|a Paternity
|